[Event "II Festival Marco Gerolamo Vida A"]
[Site "Cremona ITA"]
[Date "2003.04.04"]
[Round "1"]
[White "Masotti, Roberto"]
[Black "Ronchetti, Niccolo'"]
[Result "1-0"]
[WhiteElo "1789"]
[BlackElo "2224"]
[PlyCount "59"]
[EventDate "2003.04.04"]

1. d4 Nf6 2. Nf3 c5 3. d5 b5 4. Bg5 Qa5+ 5. c3 Bb7 6. Bxf6 gxf6 7. e4 Na6 8.
Nbd2 Rg8 9. a4 b4 10. Nc4 Qd8 11. e5 e6 12. dxe6 dxe6 13. Nd6+ Bxd6 14. exd6
Qb6 15. Bb5+ Kf8 16. Qd3 Rd8 17. O-O-O Nc7 18. Qxh7 Nxb5 19. Qh6+ Ke8 20. axb5
bxc3 21. Qxf6 cxb2+ 22. Kxb2 Qxb5+ 23. Kc1 Qc4+ 24. Kb2 Qb4+ 25. Ka2 Qa5+ 26.
Kb2 Qb6+ 27. Kc1 Rxd6 28. Ne5 Rxd1+ 29. Rxd1 Qc7 30. Rd8+ 1-0